000 00240nam a2200097Ia 4500
001 737771
005 20250826163938.0
008 250824s9999 xx 000 0 und d
245 0 _aİSTANBUL PERİSİ
_cBETÜL AVUNÇ
260 _bTUDEM YAYINLARI
999 _c737771
_d737771